Menuhin Competition Junior Winners 1983-2021 - Statistics

General Stats
  • This quiz has been taken 6 times
  • The average score is 14 of 19
Answer Stats
Year Winner % Correct
2008 Chad Hoopes
100%
2018 Chloe Chua | Christian Li
100%
2004 Joel C. Link
100%
2021 Keila Wakao
100%
2012 Kevin Zhu
100%
1983 Xiao-Dong Wang
100%
2016 Yesong Sophie Lee
100%
1998 Zhi-Jiong Wang
100%
1993 Daishin Kashimoto
67%
1995 Julia Fischer
67%
2010 Kerson Leong
67%
2000 Mi Sa Yang
67%
1991 Ning Kam
67%
2014 Rennosuke Fukuda
67%
1985 Chang Guo
33%
2002 Chiharu Taki
33%
1987 Dong Kun
33%
1989 Livia Sohn
33%
2006 Sunao Goko
33%
No matching quizzes found
Score Distribution
Percent of People with Each Score
Percentile by Number Answered
Your Score History
You have not taken this quiz